000 00565nam a2200241 a 4500
001 nice12345678
003 IN_TiNIC
005 20260116011517.0
008 050524s1927 pera grp 000 0 per
020 _a
_c100
082 0 0 _a234
_bKAN
100 _aKanamori, Paul
245 _aYak Nafar Japani
260 _aPersia
_bNo Publishers
_c1927
300 _a90p
500 _aincludes index and biblioraphy
505 2 _aHand Written Manuscript
650 _aSalvation
700 1 _aKanamori, Paul
902 _bSRS
942 _cBK
999 _c2184
_d2184